| Tag |
First Indicator |
Second Indicator |
Subfields |
| LEADER |
00000cam a2200000 a 4500 |
| 001 |
in00001254921 |
| 005 |
20151003082522.0 |
| 008 |
940520s1995 enk b 001 0 eng |
| 010 |
|
|
|a 94021351
|
| 020 |
|
|
|a 0521420075 (hardback)
|
| 020 |
|
|
|a 0521422337 (paperback)
|
| 035 |
|
|
|a (OCoLC)30593709
|
| 035 |
|
|
|9 AGU6363AM
|
| 040 |
|
|
|a DLC
|c DLC
|d UtOrBLW
|
| 049 |
|
|
|a TXAM
|
| 050 |
0 |
0 |
|a HX811
|b .M67 1995
|
| 082 |
0 |
0 |
|a 321/.07
|2 20
|
| 100 |
1 |
|
|a Morris, William,
|d 1834-1896.
|
| 245 |
1 |
0 |
|a News from nowhere, or, An epoch of rest :
|b being some chapters from a utopian romance /
|c by William Morris ; edited by Krishan Kumar.
|
| 246 |
3 |
0 |
|a Epoch of rest
|
| 246 |
3 |
0 |
|a News from nowhere
|
| 264 |
|
1 |
|a Cambridge [England] ;
|a New York, NY, USA :
|b Cambridge University Press,
|c 1995.
|
| 300 |
|
|
|a xxxii, 229 pages ;
|c 23 cm.
|
| 336 |
|
|
|a text
|b txt
|2 rdacontent
|
| 337 |
|
|
|a unmediated
|b n
|2 rdamedia
|
| 338 |
|
|
|a volume
|b nc
|2 rdacarrier
|
| 490 |
1 |
|
|a Cambridge texts in the history of political thought
|
| 504 |
|
|
|a Includes bibliographical references and index.
|
| 650 |
|
0 |
|a Utopias.
|
| 700 |
1 |
|
|a Kumar, Krishan,
|d 1942-
|
| 830 |
|
0 |
|a Cambridge texts in the history of political thought.
|
| 999 |
|
|
|a MARS
|
| 999 |
f |
f |
|s b0aaaf8c-e497-37f1-b793-12f4e8f6a1a4
|i 195fc7fe-ef82-3557-afb5-46d63426531d
|t 0
|
| 952 |
f |
f |
|p ric
|a Texas A&M University
|b Rellis Campus
|c Joint Library Facility
|d Remote Storage
|t 0
|e HX811 .M67 1995
|h Library of Congress classification
|i unmediated -- volume
|m A14819693906
|
| 998 |
f |
f |
|a HX811 .M67 1995
|t 0
|l Remote Storage
|